书目信息 |
| 题名: |
野菜野果图鉴
|
|
| 作者: | 珞小玥 主编 | |
| 分册: | ||
| 出版信息: | 哈尔滨 黑龙江科学技术出版社 2019.01 |
|
| 页数: | 13, 334页 | |
| 开本: | 22cm | |
| 丛书名: | ||
| 单 册: | ||
| 中图分类: | S647-64 , S759.83-64 | |
| 科图分类: | ||
| 主题词: | 野生植物--ye sheng zhi wu--蔬菜--图集 , 野果--ye guo--图集 | |
| 电子资源: | ||
| ISBN: | 978-7-5388-9877-4 | |
| 000 | 01032nam0 2200265 450 | |
| 001 | 94359 | |
| 005 | 20250820105159.43 | |
| 010 | @a978-7-5388-9877-4@dCNY98.00 | |
| 100 | @a20241116d2019 em y0chiy50 ea | |
| 101 | 0 | @achi |
| 102 | @aCN@b230000 | |
| 105 | @aak z 001yy | |
| 106 | @ar | |
| 200 | 1 | @a野菜野果图鉴@Aye cai ye guo tu jian@f珞小玥主编 |
| 210 | @a哈尔滨@c黑龙江科学技术出版社@d2019.01 | |
| 215 | @a13, 334页@c彩图@d22cm | |
| 320 | @a有索引 | |
| 330 | @a中国地大物博, 除了日常生活常见的蔬果外, 还有许许多多山珍野味, 得益于中华民族在饮食方面的强大本领隐蔽在深山野林的野菜、野果都被国人所品尝过。本书归纳整理了320种国内较常见的野菜和野果, 结合彩色照片以及形态结构的介绍, 带领读者在前人的尝试下直接找到能吃且营养丰富的山珍, 也避免读者直接去尝试有毒的野味。 | |
| 606 | 0 | @a野生植物@Aye sheng zhi wu@x蔬菜@j图集 |
| 606 | 0 | @a野果@Aye guo@j图集 |
| 690 | @aS647-64@v5 | |
| 690 | @aS759.83-64@v5 | |
| 701 | 0 | @a珞小玥@Aluo xiao yue@4主编 |
| 801 | 0 | @aCN@c20250909 |
| 905 | @a河南城建学院图书馆@dS647-64@eL995@f1 | |
| 野菜野果图鉴/珞小玥主编.-哈尔滨:黑龙江科学技术出版社,2019.01 |
| 13, 334页:彩图;22cm |
| ISBN 978-7-5388-9877-4:CNY98.00 |
| 中国地大物博, 除了日常生活常见的蔬果外, 还有许许多多山珍野味, 得益于中华民族在饮食方面的强大本领隐蔽在深山野林的野菜、野果都被国人所品尝过。本书归纳整理了320种国内较常见的野菜和野果, 结合彩色照片以及形态结构的介绍, 带领读者在前人的尝试下直接找到能吃且营养丰富的山珍, 也避免读者直接去尝试有毒的野味。 |
| ● |
| 相关链接 |
|
|
|
正题名:野菜野果图鉴
索取号:S647-64/L995
 
预约/预借
| 序号 | 登录号 | 条形码 | 馆藏地/架位号 | 状态 | 备注 |
| 1 | 1628285 | 216282859 | 自科库401/401自科库 67排7列5层/ [索取号:S647-64/L995] | 在馆 |